<?xml version="1.0" encoding="UTF-8"?>
<record
    xmlns:xsi="http://www.w3.org/2001/XMLSchema-instance"
    xsi:schemaLocation="http://www.loc.gov/MARC21/slim http://www.loc.gov/standards/marcxml/schema/MARC21slim.xsd"
    xmlns="http://www.loc.gov/MARC21/slim">

  <leader>01588    a2200193   4500</leader>
  <controlfield tag="001">29641</controlfield>
  <controlfield tag="005">20260407155606.0</controlfield>
  <controlfield tag="008">260407a1952    arg                 spa d</controlfield>
  <controlfield tag="003">AR-UNSa-BCEJYS</controlfield>
  <datafield tag="040" ind1=" " ind2=" ">
    <subfield code="a">AR-UNSa-BCEJYS</subfield>
    <subfield code="b">spa</subfield>
    <subfield code="c">AR-UNSa-BCEJYS</subfield>
  </datafield>
  <datafield tag="080" ind1=" " ind2=" ">
    <subfield code="a">657.23</subfield>
    <subfield code="x">Compensaciones. Correcciones. Ajustes (devaluaci&#xF3;n monetaria)</subfield>
  </datafield>
  <datafield tag="245" ind1="1" ind2="0">
    <subfield code="a">La inflaci&#xF3;n y los balances</subfield>
  </datafield>
  <datafield tag="264" ind1=" " ind2="1">
    <subfield code="a">Buenos Aires :</subfield>
    <subfield code="b">Selecci&#xF3;n Contable</subfield>
    <subfield code="c">1952</subfield>
  </datafield>
  <datafield tag="300" ind1=" " ind2=" ">
    <subfield code="a">157 p.</subfield>
    <subfield code="c">23 cm.</subfield>
  </datafield>
  <datafield tag="505" ind1=" " ind2=" ">
    <subfield code="a">1. Introducci&#xF3;n - 2. La depreciaci&#xF3;n monetaria - 3. Efectos de la depreciaci&#xF3;n monetaria sobre los rubros activos, pasivos y subdivisionarios de p&#xE9;rdidas y ganancias - 4. Ajustes de balance y estado de p&#xE9;rdidas y ganancias - 5. M&#xE9;todo de correcci&#xF3;n - 6. Conversi&#xF3;n de Oro - 7. Ajuste con relaci&#xF3;n a una moneda extranjera sana - 8. Ajustes basados en las variaciones del nivel general de precios - 9. Aplicaci&#xF3;n de los &#xED;ndices de precios de cada empresa en particular - 10. C&#xE1;lculo de &#xED;ndice - 11. Realizaci&#xF3;n  de los ajustes - 12. Revaluaci&#xF3;n de bienes activos - 13. La distribuci&#xF3;n de utilidades en &#xE9;pocas de inflaci&#xF3;n - 14. La reposici&#xF3;n de los valores de cambio - 15. La determinaci&#xF3;n de los precios de venta durnate los per&#xED;odos de inflaci&#xF3;n - 16. La creaci&#xF3;n de fondos para la renovaci&#xF3;n de los bienes del activo fijo - 17. El an&#xE1;lisis de balances y cuadros de p&#xE9;rdidas y ganancias obtenidos durante &#xE9;pocas de inflaci&#xF3;n - 18. Normas a seguir en caso de deflaci&#xF3;n - 19. Conclusiones.</subfield>
  </datafield>
  <datafield tag="942" ind1=" " ind2=" ">
    <subfield code="c">BK</subfield>
  </datafield>
  <datafield tag="590" ind1=" " ind2=" ">
    <subfield code="a">niveau_biblio:m niveau_hierar:0</subfield>
  </datafield>
  <datafield tag="100" ind1="1" ind2=" ">
    <subfield code="a">Cholvis, Francisco</subfield>
  </datafield>
  <datafield tag="999" ind1=" " ind2=" ">
    <subfield code="c">1920</subfield>
    <subfield code="d">1920</subfield>
  </datafield>
  <datafield tag="952" ind1=" " ind2=" ">
    <subfield code="0">0</subfield>
    <subfield code="1">0</subfield>
    <subfield code="4">0</subfield>
    <subfield code="7">0</subfield>
    <subfield code="a">BCEJYS</subfield>
    <subfield code="b">BCEJYS</subfield>
    <subfield code="c">16</subfield>
    <subfield code="d">2026-04-07</subfield>
    <subfield code="l">0</subfield>
    <subfield code="o">657.23 C547i</subfield>
    <subfield code="p">L20895</subfield>
    <subfield code="r">2026-04-07 15:56:06</subfield>
    <subfield code="w">2026-04-07</subfield>
    <subfield code="y">L</subfield>
  </datafield>
  <datafield tag="952" ind1=" " ind2=" ">
    <subfield code="0">0</subfield>
    <subfield code="1">0</subfield>
    <subfield code="4">0</subfield>
    <subfield code="7">0</subfield>
    <subfield code="a">BCEJYS</subfield>
    <subfield code="b">BCEJYS</subfield>
    <subfield code="c">16</subfield>
    <subfield code="d">2026-04-07</subfield>
    <subfield code="l">0</subfield>
    <subfield code="o">657.23 C547i</subfield>
    <subfield code="p">L20896</subfield>
    <subfield code="r">2026-04-07 15:56:06</subfield>
    <subfield code="w">2026-04-07</subfield>
    <subfield code="y">L</subfield>
  </datafield>
</record>
